El mercado del trabajo y la crisis de 1929. Una aproximación a la problemática de 1930.

Las crisis económicas tienen una correlación directa con la crisis sociales que se derivan. Mientras las primeras son fuentes del desquilibrio de la actividad económica en su conjunto, las segundas reciben el impacto de esa alteración y provocan complejs situaciones sociales.

Bibliographic Details
Main Author: Bravo Acevedo, Guillermo
Format: Analitica de revista
Language:Spanish
Published: Santiago, Chile Universidad de Chile 1990
Subjects:

MARC

LEADER 00000cab a2200000 a 4500
001 029500
003 UAHC_CL
005 20170803123106.0
008 010822b xx j 000 1 spa
040 |a UAHC_CL  |c UAHC_CL  |d UAHC_CL 
100 1 |a Bravo Acevedo, Guillermo 
245 1 3 |a El mercado del trabajo y la crisis de 1929. Una aproximación a la problemática de 1930. 
260 |b Universidad de Chile  |c 1990  |a Santiago, Chile 
300 |a pp. 127-145. 
500 |a En: Cuadernos de Historia, no. 10, 1990. p. 127-145. ISSN 07161832 
520 |a Las crisis económicas tienen una correlación directa con la crisis sociales que se derivan. Mientras las primeras son fuentes del desquilibrio de la actividad económica en su conjunto, las segundas reciben el impacto de esa alteración y provocan complejs situaciones sociales. 
520 |a Las crisis económicas tienen una correlación directa con la crisis sociales que se derivan. Mientras las primeras son fuentes del desquilibrio de la actividad económica en su conjunto, las segundas reciben el impacto de esa alteración y provocan complejs situaciones sociales. 
650 4 |a CRISIS ECONOMICA  |y 1929-1930 
650 4 |a PROBLEMAS SOCIALES 
650 4 |a TRABAJO  |x HISTORIA 
759 |a PP048 
773 0 |t Cuadernos de historia.  |w 029418 
900 |a CUAD. HIST.-10/90 
942 |c REVA 
952 |0 0  |1 0  |4 0  |6 CUAD___HIST_10_90_000000000000000  |7 0  |8 General  |9 58088  |a BC  |b BC  |c General  |d 2017-08-03  |l 0  |o CUAD. HIST.-10/90  |p FICTICIO1920  |r 2019-01-08 00:00:00  |t 1  |w 2017-08-03  |y REVA 
999 |c 29500  |d 29500